| 000 | 00699nam a2200205 i 4500 | ||
|---|---|---|---|
| 001 | 149167 | ||
| 003 | ES-MaACL | ||
| 005 | 20250319063310.0 | ||
| 007 | t| | ||
| 008 | 071019s1968 sp |||| | spa d | ||
| 100 |
_aVelarde Fuertes, Juan, _9236903 _d1927-2023 |
||
| 245 | 1 | 0 |
_aLecciones de estructura e instituciones económicas de España / _cJuan Velarde Fuertes y Ramiro Campos Nordmann. |
| 260 |
_aMadrid : _b[s.n.], _c1968 ( _fSmar, Art. Gráf.) |
||
| 300 |
_a2 v. : _bil. ; _c21 cm. |
||
| 651 | 4 |
_aEspaña- _xSituación económica- _yS.XX. _98505 |
|
| 700 | 1 |
_aCampos Nordmann, Ramiro. _934281 |
|
| 852 |
_aES-MaACL _jC-38341-42 |
||
| 942 | _2udc | ||
| 999 |
_c149167 _d149167 |
||